000 00400nmm a2200145Ia 4500
008 251105s9999||||xx |||||||||||||||||und||
041 _aspa
100 _aVallejo-Nagera, Iñigo
245 0 _aSanta locura
264 _a[Madrid, España] :
_bEdiciones B,
_c2014
300 _a328 páginas
650 _aSpanish narrative
856 _uhttps://public.digitaliapublishing.com/a/53443
942 _cCF
999 _c105028
_d105028